000 00293nam a22001337a 4500
008 170706b xxu||||| |||| 00| 0 eng d
020 _a2900205531461
041 _aeng
080 _a821.18
100 _a22
101 _aGJL
245 _aTHE CURIOUS WRITER
_cBALLANGER, B
942 _2udc
_cBK
999 _c19952
_d19952